| 000 | 00476 a2200169 4500 | ||
|---|---|---|---|
| 020 | _a09780521132312 | ||
| 082 | _a421.51 HAN | ||
| 100 | _aMark Hancock | ||
| 245 |
_aEnglish Pronunciation in Use _cMark Hancock _hEnglish |
||
| 250 | _a1 | ||
| 260 |
_aCambridge University Press _bNew Delhi _c2009 |
||
| 300 |
_a200 p _eset of 04 CDs with each book |
||
| 500 | _aDOS BS Textbooks | ||
| 505 | _aGifted Books | ||
| 600 | _aEnglish Grammer | ||
| 942 |
_acaenust _k421.52 HAN _cBS |
||
| 999 |
_c470081 _d470081 |
||